<?xml version="1.0" encoding="UTF-8"?>
<record
    xmlns:xsi="http://www.w3.org/2001/XMLSchema-instance"
    xsi:schemaLocation="http://www.loc.gov/MARC21/slim http://www.loc.gov/standards/marcxml/schema/MARC21slim.xsd"
    xmlns="http://www.loc.gov/MARC21/slim">

  <leader>03554nam0a22004451  4500</leader>
  <controlfield tag="001">v19\rc\1630002</controlfield>
  <controlfield tag="005">20260406084441.0</controlfield>
  <datafield tag="035" ind1=" " ind2=" ">
    <subfield code="a">(NLR Aleph) 005239946</subfield>
  </datafield>
  <datafield tag="090" ind1=" " ind2=" ">
    <subfield code="a">5693810</subfield>
    <subfield code="c">5693810</subfield>
  </datafield>
  <datafield tag="100" ind1=" " ind2=" ">
    <subfield code="a">20061002d1899    |||y0rusy50      ca</subfield>
  </datafield>
  <datafield tag="101" ind1="0" ind2=" ">
    <subfield code="a">rus</subfield>
  </datafield>
  <datafield tag="102" ind1=" " ind2=" ">
    <subfield code="a">RU</subfield>
  </datafield>
  <datafield tag="105" ind1=" " ind2=" ">
    <subfield code="a">ag  z   |||||</subfield>
  </datafield>
  <datafield tag="200" ind1="1" ind2=" ">
    <subfield code="a">&#x41F;&#x43E;&#x43C;&#x43E;&#x449;&#x44C; &#x43F;&#x43E;&#x441;&#x442;&#x440;&#x430;&#x434;&#x430;&#x432;&#x448;&#x438;&#x43C; &#x43E;&#x442; &#x43D;&#x435;&#x443;&#x440;&#x43E;&#x436;&#x430;&#x44F;</subfield>
    <subfield code="e">&#x41B;&#x438;&#x442;.-&#x445;&#x443;&#x434;&#x43E;&#x436;. &#x441;&#x431;.</subfield>
    <subfield code="f">[&#x420;&#x438;&#x441;. &#x412;.&#x41C;. &#x412;&#x430;&#x441;&#x43D;&#x435;&#x446;&#x43E;&#x432;&#x430;, &#x421;.&#x410;. &#x412;&#x438;&#x43D;&#x43E;&#x433;&#x440;&#x430;&#x434;&#x43E;&#x432;&#x430;, &#x41D;.&#x412;. &#x414;&#x43E;&#x441;&#x435;&#x43A;&#x438;&#x43D;&#x430; &#x438; &#x434;&#x440;.]</subfield>
  </datafield>
  <datafield tag="210" ind1=" " ind2=" ">
    <subfield code="a">&#x41C;&#x43E;&#x441;&#x43A;&#x432;&#x430;</subfield>
    <subfield code="c">&#x413;&#x430;&#x437;. "&#x41A;&#x443;&#x440;&#x44C;&#x435;&#x440;"</subfield>
    <subfield code="d">1899</subfield>
  </datafield>
  <datafield tag="215" ind1=" " ind2=" ">
    <subfield code="a">[4], 112, 14 &#x441;.</subfield>
    <subfield code="c">&#x438;&#x43B;., &#x43D;&#x43E;&#x442;.</subfield>
    <subfield code="d">35</subfield>
  </datafield>
  <datafield tag="316" ind1=" " ind2=" ">
    <subfield code="a">&#x42D;&#x43A;&#x437;. &#x420;&#x41D;&#x411; (134/476): &#x43F;&#x440;&#x438;&#x431;&#x440;&#x43E;&#x448;. 12 &#x43B;. &#x438;&#x43B;&#x43B;.</subfield>
    <subfield code="5">NLR: 134/476</subfield>
  </datafield>
  <datafield tag="327" ind1="0" ind2=" ">
    <subfield code="a">&#x410;&#x432;&#x442;&#x43E;&#x440;&#x44B;: &#x41A;. &#x420;[&#x43E;&#x43C;&#x430;&#x43D;&#x43E;&#x432;], &#x41C;. &#x413;&#x43E;&#x440;&#x44C;&#x43A;&#x438;&#x439;, &#x414;. &#x41C;&#x430;&#x43C;&#x438;&#x43D;-&#x421;&#x438;&#x431;&#x438;&#x440;&#x44F;&#x43A;, &#x412;&#x43B;. &#x41B;&#x430;&#x434;&#x44B;&#x436;&#x435;&#x43D;&#x441;&#x43A;&#x438;&#x439;, &#x41F;. &#x41E;&#x431;&#x43D;&#x438;&#x43D;&#x441;&#x43A;&#x438;&#x439;, &#x41B;. &#x41C;&#x435;&#x434;&#x432;&#x435;&#x434;&#x435;&#x432;, &#x415;. &#x413;&#x43E;&#x441;&#x43B;&#x430;&#x432;&#x441;&#x43A;&#x438;&#x439;, &#x41C;. &#x413;&#x440;&#x43E;&#x43C;&#x43D;&#x438;&#x446;&#x43A;&#x438;&#x439;, &#x410;. &#x427;&#x435;&#x445;&#x43E;&#x432;, &#x41C;. &#x41B;&#x43E;&#x445;&#x432;&#x438;&#x446;&#x43A;&#x430;&#x44F;, &#x418;. &#x42F;&#x43D;&#x436;&#x443;&#x43B; &#x438; &#x434;&#x440;.</subfield>
  </datafield>
  <datafield tag="464" ind1=" " ind2="0">
    <subfield code="1">700#1$3RU\NLR\AUTH\77104$7ca$a&#x413;&#x43E;&#x440;&#x44C;&#x43A;&#x438;&#x439;$b&#x41C;.$f1868-1936$g&#x41C;&#x430;&#x43A;&#x441;&#x438;&#x43C;</subfield>
    <subfield code="a">&#x413;&#x43E;&#x440;&#x44C;&#x43A;&#x438;&#x439;, &#x41C;&#x430;&#x43A;&#x441;&#x438;&#x43C; (1868-1936)</subfield>
  </datafield>
  <datafield tag="464" ind1=" " ind2="0">
    <subfield code="1">700#1$3RU\NLR\AUTH\77149$7ca$a&#x41C;&#x430;&#x43C;&#x438;&#x43D;-&#x421;&#x438;&#x431;&#x438;&#x440;&#x44F;&#x43A;$b&#x414;. &#x41D;.$f1852-1912$g&#x414;&#x43C;&#x438;&#x442;&#x440;&#x438;&#x439; &#x41D;&#x430;&#x440;&#x43A;&#x438;&#x441;&#x43E;&#x432;&#x438;&#x447;</subfield>
    <subfield code="a">&#x41C;&#x430;&#x43C;&#x438;&#x43D;-&#x421;&#x438;&#x431;&#x438;&#x440;&#x44F;&#x43A;, &#x414;&#x43C;&#x438;&#x442;&#x440;&#x438;&#x439; &#x41D;&#x430;&#x440;&#x43A;&#x438;&#x441;&#x43E;&#x432;&#x438;&#x447; (1852-1912)</subfield>
  </datafield>
  <datafield tag="464" ind1=" " ind2="0">
    <subfield code="1">700#1$3RU\NLR\AUTH\7764308$7ca$a&#x41B;&#x430;&#x434;&#x44B;&#x436;&#x435;&#x43D;&#x441;&#x43A;&#x438;&#x439;$b&#x412;. &#x41D;.$f1859-1932$g&#x412;&#x43B;&#x430;&#x434;&#x438;&#x43C;&#x438;&#x440; &#x41D;&#x438;&#x43A;&#x43E;&#x43B;&#x430;&#x435;&#x432;&#x438;&#x447;</subfield>
    <subfield code="a">&#x41B;&#x430;&#x434;&#x44B;&#x436;&#x435;&#x43D;&#x441;&#x43A;&#x438;&#x439;, &#x412;&#x43B;&#x430;&#x434;&#x438;&#x43C;&#x438;&#x440; &#x41D;&#x438;&#x43A;&#x43E;&#x43B;&#x430;&#x435;&#x432;&#x438;&#x447; (1859-1932)</subfield>
  </datafield>
  <datafield tag="464" ind1=" " ind2="0">
    <subfield code="1">700#1$a&#x41E;&#x431;&#x43D;&#x438;&#x43D;&#x441;&#x43A;&#x438;&#x439;$b&#x412;.&#x41F;.$f1867-1916$g&#x412;&#x438;&#x43A;&#x442;&#x43E;&#x440; &#x41F;&#x435;&#x442;&#x440;&#x43E;&#x432;&#x438;&#x447;</subfield>
    <subfield code="a">&#x41E;&#x431;&#x43D;&#x438;&#x43D;&#x441;&#x43A;&#x438;&#x439;, &#x412;&#x438;&#x43A;&#x442;&#x43E;&#x440; &#x41F;&#x435;&#x442;&#x440;&#x43E;&#x432;&#x438;&#x447; (1867-1916)</subfield>
  </datafield>
  <datafield tag="464" ind1=" " ind2="0">
    <subfield code="1">700#1$3RU\NLR\AUTH\7778170$7ca$a&#x41C;&#x435;&#x434;&#x432;&#x435;&#x434;&#x435;&#x432;$b&#x41B;. &#x41C;.$c&#x43F;&#x43E;&#x44D;&#x442;, &#x43F;&#x438;&#x441;&#x430;&#x442;&#x435;&#x43B;&#x44C;$f1865-1904$g&#x41B;&#x435;&#x432; &#x41C;&#x438;&#x445;&#x430;&#x439;&#x43B;&#x43E;&#x432;&#x438;&#x447;</subfield>
    <subfield code="a">&#x41C;&#x435;&#x434;&#x432;&#x435;&#x434;&#x435;&#x432;, &#x41B;&#x435;&#x432; &#x41C;&#x438;&#x445;&#x430;&#x439;&#x43B;&#x43E;&#x432;&#x438;&#x447; (&#x43F;&#x43E;&#x44D;&#x442;, &#x43F;&#x438;&#x441;&#x430;&#x442;&#x435;&#x43B;&#x44C; ; 1865-1904)</subfield>
  </datafield>
  <datafield tag="464" ind1=" " ind2="0">
    <subfield code="1">700#1$a&#x413;&#x43E;&#x441;&#x43B;&#x430;&#x432;&#x441;&#x43A;&#x438;&#x439;$b&#x415;.&#x41F;.$f1861-1917$g&#x415;&#x432;&#x433;&#x435;&#x43D;&#x438;&#x439; &#x41F;&#x435;&#x442;&#x440;&#x43E;&#x432;&#x438;&#x447;</subfield>
    <subfield code="a">&#x413;&#x43E;&#x441;&#x43B;&#x430;&#x432;&#x441;&#x43A;&#x438;&#x439;, &#x415;&#x432;&#x433;&#x435;&#x43D;&#x438;&#x439; &#x41F;&#x435;&#x442;&#x440;&#x43E;&#x432;&#x438;&#x447; (1861-1917)</subfield>
  </datafield>
  <datafield tag="464" ind1=" " ind2="0">
    <subfield code="1">700#1$a&#x413;&#x440;&#x43E;&#x43C;&#x43D;&#x438;&#x446;&#x43A;&#x438;&#x439;$b&#x41C;.&#x424;.$g&#x41C;&#x438;&#x445;&#x430;&#x438;&#x43B; &#x424;&#x435;&#x434;&#x43E;&#x440;&#x43E;&#x432;&#x438;&#x447;</subfield>
    <subfield code="a">&#x413;&#x440;&#x43E;&#x43C;&#x43D;&#x438;&#x446;&#x43A;&#x438;&#x439;, &#x41C;&#x438;&#x445;&#x430;&#x438;&#x43B; &#x424;&#x435;&#x434;&#x43E;&#x440;&#x43E;&#x432;&#x438;&#x447;</subfield>
  </datafield>
  <datafield tag="464" ind1=" " ind2="0">
    <subfield code="1">700#1$a&#x427;&#x435;&#x445;&#x43E;&#x432;$b&#x410;. &#x41F;.$c&#x43F;&#x438;&#x441;&#x430;&#x442;&#x435;&#x43B;&#x44C;$f1860-1904$g&#x410;&#x43D;&#x442;&#x43E;&#x43D; &#x41F;&#x430;&#x432;&#x43B;&#x43E;&#x432;&#x438;&#x447;$3RU\NLR\AUTH\77359$7ca</subfield>
    <subfield code="a">&#x427;&#x435;&#x445;&#x43E;&#x432;, &#x410;&#x43D;&#x442;&#x43E;&#x43D; &#x41F;&#x430;&#x432;&#x43B;&#x43E;&#x432;&#x438;&#x447; (&#x43F;&#x438;&#x441;&#x430;&#x442;&#x435;&#x43B;&#x44C; ; 1860-1904)</subfield>
  </datafield>
  <datafield tag="464" ind1=" " ind2="0">
    <subfield code="1">700#1$3RU\NLR\AUTH\778909$7ca$a&#x41B;&#x43E;&#x445;&#x432;&#x438;&#x446;&#x43A;&#x430;&#x44F;$b&#x41C;.&#x410;.$f1869-1905$g&#x41C;&#x438;&#x440;&#x440;&#x430; &#x410;&#x43B;&#x435;&#x43A;&#x441;&#x430;&#x43D;&#x434;&#x440;&#x43E;&#x432;&#x43D;&#x430;</subfield>
    <subfield code="a">&#x41B;&#x43E;&#x445;&#x432;&#x438;&#x446;&#x43A;&#x430;&#x44F;, &#x41C;&#x438;&#x440;&#x440;&#x430; &#x410;&#x43B;&#x435;&#x43A;&#x441;&#x430;&#x43D;&#x434;&#x440;&#x43E;&#x432;&#x43D;&#x430; (1869-1905)</subfield>
  </datafield>
  <datafield tag="464" ind1=" " ind2="0">
    <subfield code="1">700#1$3RU\NLR\AUTH\7780719$7ca$a&#x42F;&#x43D;&#x436;&#x443;&#x43B;$b&#x418;. &#x418;.$f1846-1914$g&#x418;&#x432;&#x430;&#x43D; &#x418;&#x432;&#x430;&#x43D;&#x43E;&#x432;&#x438;&#x447;</subfield>
    <subfield code="a">&#x42F;&#x43D;&#x436;&#x443;&#x43B;, &#x418;&#x432;&#x430;&#x43D; &#x418;&#x432;&#x430;&#x43D;&#x43E;&#x432;&#x438;&#x447; (1846-1914)</subfield>
  </datafield>
  <datafield tag="464" ind1=" " ind2="0">
    <subfield code="1">700#0$3RU\NLR\AUTH\778811$7ca$a&#x41A;&#x43E;&#x43D;&#x441;&#x442;&#x430;&#x43D;&#x442;&#x438;&#x43D; &#x41A;&#x43E;&#x43D;&#x441;&#x442;&#x430;&#x43D;&#x442;&#x438;&#x43D;&#x43E;&#x432;&#x438;&#x447;$c&#x432;&#x435;&#x43B;&#x438;&#x43A;&#x438;&#x439; &#x43A;&#x43D;&#x44F;&#x437;&#x44C;$f1858-1915</subfield>
    <subfield code="a">&#x41A;&#x43E;&#x43D;&#x441;&#x442;&#x430;&#x43D;&#x442;&#x438;&#x43D; &#x41A;&#x43E;&#x43D;&#x441;&#x442;&#x430;&#x43D;&#x442;&#x438;&#x43D;&#x43E;&#x432;&#x438;&#x447; (&#x432;&#x435;&#x43B;&#x438;&#x43A;&#x438;&#x439; &#x43A;&#x43D;&#x44F;&#x437;&#x44C; ; 1858-1915)</subfield>
  </datafield>
  <datafield tag="702" ind1=" " ind2="1">
    <subfield code="4">440</subfield>
    <subfield code="8">rus</subfield>
    <subfield code="7">ca</subfield>
    <subfield code="a">&#x412;&#x430;&#x441;&#x43D;&#x435;&#x446;&#x43E;&#x432;</subfield>
    <subfield code="b">&#x412;. &#x41C;.</subfield>
    <subfield code="c">&#x445;&#x443;&#x434;&#x43E;&#x436;&#x43D;&#x438;&#x43A;</subfield>
    <subfield code="f">1848-1926</subfield>
    <subfield code="g">&#x412;&#x438;&#x43A;&#x442;&#x43E;&#x440; &#x41C;&#x438;&#x445;&#x430;&#x439;&#x43B;&#x43E;&#x432;&#x438;&#x447;</subfield>
    <subfield code="3">RU\NLR\AUTH\7753124</subfield>
    <subfield code="9">36057</subfield>
  </datafield>
  <datafield tag="702" ind1=" " ind2="1">
    <subfield code="a">&#x412;&#x438;&#x43D;&#x43E;&#x433;&#x440;&#x430;&#x434;&#x43E;&#x432;</subfield>
    <subfield code="b">&#x421;. &#x410;.</subfield>
    <subfield code="c">&#x445;&#x443;&#x434;&#x43E;&#x436;&#x43D;&#x438;&#x43A;</subfield>
    <subfield code="f">19 &#x432;.</subfield>
    <subfield code="4">440</subfield>
  </datafield>
  <datafield tag="702" ind1=" " ind2="1">
    <subfield code="a">&#x414;&#x43E;&#x441;&#x435;&#x43A;&#x438;&#x43D;</subfield>
    <subfield code="b">&#x418;. &#x412;.</subfield>
    <subfield code="c">&#x445;&#x443;&#x434;&#x43E;&#x436;&#x43D;&#x438;&#x43A;</subfield>
    <subfield code="f">19 &#x432;.</subfield>
    <subfield code="4">440</subfield>
  </datafield>
  <datafield tag="801" ind1=" " ind2="0">
    <subfield code="a">RU</subfield>
    <subfield code="b">NLR</subfield>
    <subfield code="c">20061002</subfield>
    <subfield code="g">psbo</subfield>
  </datafield>
  <datafield tag="801" ind1=" " ind2="0">
    <subfield code="a">RU</subfield>
    <subfield code="b">RuMoRGB</subfield>
    <subfield code="c">20061002</subfield>
    <subfield code="2">psbo</subfield>
  </datafield>
  <datafield tag="801" ind1=" " ind2="1">
    <subfield code="a">RU</subfield>
    <subfield code="b">ProSoft-M</subfield>
    <subfield code="c">20061002</subfield>
    <subfield code="2">rusmarc</subfield>
  </datafield>
  <datafield tag="801" ind1=" " ind2="2">
    <subfield code="a">RU</subfield>
    <subfield code="b">NLR</subfield>
    <subfield code="c">20090930</subfield>
    <subfield code="2">rusmarc</subfield>
  </datafield>
  <datafield tag="852" ind1=" " ind2=" ">
    <subfield code="a">NLR</subfield>
    <subfield code="j">20.51.2.1</subfield>
  </datafield>
  <datafield tag="852" ind1=" " ind2=" ">
    <subfield code="a">NLR</subfield>
    <subfield code="j">134/476</subfield>
  </datafield>
  <datafield tag="942" ind1=" " ind2=" ">
    <subfield code="c">BOOK</subfield>
  </datafield>
  <datafield tag="980" ind1=" " ind2=" ">
    <subfield code="a">NB</subfield>
  </datafield>
  <datafield tag="995" ind1=" " ind2=" ">
    <subfield code="5">2013-10-26</subfield>
    <subfield code="b">NLR02</subfield>
    <subfield code="c">NLR02</subfield>
    <subfield code="e">RFS</subfield>
    <subfield code="f">5239946-10</subfield>
    <subfield code="k">20.51.2.1</subfield>
    <subfield code="o">0</subfield>
    <subfield code="r">BOOK</subfield>
    <subfield code="s">205121_</subfield>
  </datafield>
  <datafield tag="995" ind1=" " ind2=" ">
    <subfield code="5">2013-10-26</subfield>
    <subfield code="b">NLR02</subfield>
    <subfield code="c">NLR02</subfield>
    <subfield code="e">RFS</subfield>
    <subfield code="f">5239946-20</subfield>
    <subfield code="k">134/476</subfield>
    <subfield code="o">0</subfield>
    <subfield code="r">BOOK</subfield>
    <subfield code="s">134476_</subfield>
  </datafield>
</record>
